[Event "AUTO-OPEN-2764"]
[Site "http://www.queenalice.com/game.php?id=1135095"]
[Date "2012.12.28"]
[Round "2"]
[White "norbertokruger"]
[Black "Mannu"]
[Result "0-1"]
[WhiteElo "1853"]
[BlackElo "2097"]

1. e4 c5 2. Bc4 g6 3. Qf3 e6 4. b3 Bg7 5. c3 Nc6 6. Ne2 Nge7 7. Ba3 d6 8. b4
cxb4 9. Bb2 O-O 10. a3 Ne5 11. Qg3 Nxc4 12. Ra2 bxc3 13. Nbxc3 d5 14. e5 Nf5 15.
Qf4 Bxe5 16. Qg4 Qb6 17. Bc1 d4 18. O-O Qb3 19. Ra1 dxc3 20. dxc3 Bxc3 21. Nxc3
Qxc3 22. Qf4 Qxa1 23. Qxc4 Bd7 24. Bh6 Qxf1+ 25. Kxf1 Nxh6 26. a4 Nf5 27. a5 a6
28. Qc7 Bb5+ 29. Ke1 Rfd8 30. Qxb7 Rac8 31. f3 Rc1+ 0-1

[Event "AUTO-OPEN-2764"]
[Site "http://www.queenalice.com/game.php?id=1135096"]
[Date "2012.12.28"]
[Round "2"]
[White "Mannu"]
[Black "norbertokruger"]
[Result "1-0"]
[WhiteElo "2117"]
[BlackElo "1849"]

1. g4 e5 2. Bg2 d5 3. c4 d4 4. d3 Bxg4 5. Bxb7 Bb4+ 6. Bd2 Bxd2+ 7. Nxd2 Nd7 8.
Bxa8 Qxa8 9. Ngf3 Bh3 10. Rg1 g6 11. Qa4 c6 12. Ne4 Qb7 13. Nd6+ 1-0

[Event "AUTO-INT-2411"]
[Site "http://www.queenalice.com/game.php?id=1139781"]
[Date "2013.1.12"]
[Round "3"]
[White "jova21"]
[Black "norbertokruger"]
[Result "1-0"]
[WhiteElo "1814"]
[BlackElo "1888"]

1. e4 e5 2. Nf3 Nc6 3. Bb5 Qf6 4. Bxc6 dxc6 5. O-O Bg4 6. d4 h6 7. Nbd2 O-O-O 8.
b3 exd4 9. Bb2 c5 10. Re1 Ne7 11. e5 Qf4 12. Re4 Qf5 13. Qe2 Ng6 14. Qd3 Nf4 15.
Rxf4 Qxf4 16. a4 Bf5 17. Qc4 Be6 18. Qe2 Bf5 19. Rc1 Re8 20. Nc4 f6 21. Na3 fxe5
22. Qb5 c6 23. Qa5 a6 24. Nc4 g5 25. Qb6 e4 26. Re1 e3 27. Kh1 exf2 28. Rxe8+
1-0

[Event "AUTO-INT-2411"]
[Site "http://www.queenalice.com/game.php?id=1139782"]
[Date "2013.1.12"]
[Round "3"]
[White "norbertokruger"]
[Black "jova21"]
[Result "0-1"]
[WhiteElo "1869"]
[BlackElo "1821"]

1. e4 e5 2. Nf3 Nc6 3. a3 Nf6 4. Nc3 Bc5 5. b4 Bb6 6. b5 Nd4 7. Nxe5 O-O 8. Bc4
Qe8 9. Bxf7+ Rxf7 10. Nxf7 Qxf7 11. O-O d6 12. d3 Bg4 13. f3 Ne2+ 14. Kh1 Nxc3
15. Qd2 Bxf3 16. Rxf3 Bd4 17. a4 Ncxe4 18. dxe4 Bxa1 19. Qb4 Re8 20. c3 Rxe4 21.
c4 Qe6 22. Bd2 Bd4 23. a5 Bc5 24. Qc3 Re2 25. Rf1 Ng4 26. Be1 Nf2+ 27. Bxf2 Rxf2
28. Re1 Qf7 29. Qc1 Qg6 30. g3 Qf7 31. a6 Qf3+ 0-1

[Event "AUTO-INT-2446"]
[Site "http://www.queenalice.com/game.php?id=1154305"]
[Date "2013.2.21"]
[Round "2"]
[White "norbertokruger"]
[Black "dontar"]
[Result "0-1"]
[WhiteElo "1768"]
[BlackElo "1678"]

1. e4 d6 2. d4 d5 3. e5 Be6 4. Nf3 Nc6 5. Bb5 Qd7 6. Nbd2 a6 7. Ba4 b5 8. Bb3
Nh6 9. h3 Bf5 10. a3 Be4 11. O-O e6 12. c3 Na5 13. Nxe4 Be7 14. a4 b4 15. cxb4
Nc6 16. Nc5 Qc8 17. Bxh6 gxh6 18. Qd3 Nxb4 19. Qc3 a5 20. Nd3 c6 21. Nfe1 Kd7
22. Nc2 Rb8 23. Ncxb4 Bxb4 24. Nxb4 axb4 25. Qd2 Qa6 26. Qxh6 Qd3 27. Bxd5 cxd5
28. Rfd1 Qc2 29. Rdb1 b3 30. a5 Ra8 31. Qg7 Qg6 32. Qxg6 hxg6 33. Rc1 Ra6 34.
Rc3 Rb8 35. Rf3 Ke7 36. g4 Rb5 37. h4 Rbxa5 38. Rxa5 Rxa5 39. Rxb3 Ra4 40. Rd3
Rb4 41. b3 Rb8 42. h5 gxh5 43. gxh5 Rg8+ 44. Kf1 Kf8 45. h6 Rg4 46. Rg3 Rh4 47.
b4 Rxh6 48. b5 Rh1+ 49. Rg1 Rh4 50. f3 Rxd4 51. Rg4 Rd1+ 52. Ke2 Rb1 53. Kd3
Rxb5 54. Kd4 Rb4+ 55. Kc5 Rxg4 56. fxg4 Kg7 57. Kd4 Kg6 58. Ke3 Kg5 59. Kf3 d4
60. Ke4 Kxg4 61. Kxd4 Kf5 0-1

[Event "AUTO-INT-2450"]
[Site "http://www.queenalice.com/game.php?id=1155949"]
[Date "2013.2.27"]
[Round "2"]
[White "norbertokruger"]
[Black "coutovet"]
[Result "0-1"]
[WhiteElo "1801"]
[BlackElo "1729"]

1. e4 e5 2. Nf3 d6 3. h3 h6 4. d4 exd4 5. Qxd4 c5 6. Qd5 Nf6 7. Bb5+ Nc6 8.
Bxc6+ bxc6 9. Qxc6+ Bd7 10. Qb7 Be7 11. O-O O-O 12. Rd1 Qb6 13. Qxb6 axb6 14.
Nc3 Bc6 15. e5 dxe5 16. Nxe5 Bb7 17. Nd7 Rfd8 18. Nxf6+ Bxf6 19. Re1 Bxc3 20.
bxc3 Bd5 21. a3 Bc4 22. Re4 b5 23. g4 Rd1+ 24. Kg2 Bd5 25. f3 Bxe4 26. fxe4 Re8
27. Kf3 g5 28. Ke3 Rh1 0-1

[Event "AUTO-INT-2450"]
[Site "http://www.queenalice.com/game.php?id=1155950"]
[Date "2013.2.27"]
[Round "2"]
[White "coutovet"]
[Black "norbertokruger"]
[Result "1-0"]
[WhiteElo "1414"]
[BlackElo "1726"]

1. e4 e5 2. Nf3 Nc6 3. d4 Nf6 4. d5 Nxe4 5. Bc4 Bb4+ 6. c3 Bc5 7. O-O Nd4 8.
cxd4 exd4 9. Nxd4 O-O 10. Qd3 Qh4 11. Nd2 Nxf2 12. N2f3 Nxd3 13. Nxh4 Bxd4+ 14.
Kh1 d6 15. Bxd3 Bd7 16. Nf3 Bf6 17. Rb1 Rae8 18. h3 h6 19. g4 g5 20. b3 b5 21.
b4 a6 22. Bb2 Bxb2 23. Rxb2 f5 24. Nd4 f4 25. Bf5 Bxf5 26. Nxf5 Kh7 27. Rc2 Rf7
28. Rc6 Re5 29. Rd1 h5 30. Kg2 Re2+ 31. Kh1 Rxa2 32. Rdc1 f3 33. Rxc7 Rxc7 34.
Rxc7+ Kg6 35. Rc3 Ra1+ 36. Kh2 f2 37. Ne3 Ra2 38. Kg2 h4 39. Rc2 Rxc2 40. Nxc2
Kf6 41. Kxf2 Ke5 42. Ne3 1-0

[Event "AUTO-INT-2450"]
[Site "http://www.queenalice.com/game.php?id=1155953"]
[Date "2013.2.27"]
[Round "2"]
[White "norbertokruger"]
[Black "marcomasa"]
[Result "1-0"]
[WhiteElo "1804"]
[BlackElo "1591"]

1. e4 e5 2. Nf3 Nc6 3. a3 Bc5 4. Nc3 Nf6 5. Bc4 Ng4 6. O-O a6 7. d3 d6 8. Ng5
Nh6 9. Qf3 f6 10. Qh5+ g6 11. Qxh6 fxg5 12. Bxg5 Ne7 13. Nd5 b5 14. Bxe7 Qd7 15.
Nf6+ Kxe7 16. Nxd7 Bxd7 17. Qg7+ Kd8 18. Qxh8+ Be8 19. Bf7 Kd7 20. b4 Bd4 21.
Qxh7 Kc6 22. Bd5+ Kb6 23. Bxa8 Ka7 24. Bd5 Bxa1 25. Qxc7# 1-0

[Event "AUTO-INT-2450"]
[Site "http://www.queenalice.com/game.php?id=1155954"]
[Date "2013.2.27"]
[Round "2"]
[White "marcomasa"]
[Black "norbertokruger"]
[Result "0-1"]
[WhiteElo "1647"]
[BlackElo "1815"]

1. e4 e5 2. Bc4 Nf6 3. Nc3 Nc6 4. Nf3 h6 5. a3 Bc5 6. h3 O-O 7. d3 a6 8. Bd2 b5
9. Ba2 a5 10. Nxb5 Ba6 11. Nc3 Nd4 12. Nxd4 Bxd4 13. Qe2 c6 14. O-O-O Qb6 15. g4
d5 16. exd5 Nxd5 17. Bxd5 cxd5 18. b3 Rad8 19. Na4 Qc7 20. Qe1 Rc8 21. c3 Bxd3
22. Nb2 Be4 23. Rh2 Bf3 24. Kb1 Bxd1 25. Qxd1 Bxc3 26. Bxc3 Qxc3 27. Na4 Qc6 28.
h4 d4 29. f3 Qd6 30. Kb2 e4 31. fxe4 Qxh2+ 32. Kb1 Rfd8 33. h5 d3 34. Nb2 d2 35.
Ka2 Rc1 36. b4 Rxd1 37. Nxd1 Qe2 38. Nc3 Qc4+ 39. Kb2 axb4 40. axb4 Qxb4+ 41.
Kc2 Qc4 42. Kb2 Qd4 43. Kc2 Qd3+ 44. Kd1 Qxc3 45. Ke2 d1=Q+ 46. Kf2 Rd2# 0-1